| 000 | 00700nam a2200205 i 4500 | ||
|---|---|---|---|
| 001 | 137592 | ||
| 003 | ES-MaACL | ||
| 005 | 20250823105354.0 | ||
| 007 | t| | ||
| 008 | 070214s1936 sp r ||||1| spa d | ||
| 100 | 1 |
_aSalazar, Adolfo, _d1890-1958 _9101798 |
|
| 245 | 1 | 3 |
_aLa música en el siglo XX _b: ensayo de crítica y de estética desde el punto de vista de la función social / _cAdolfo Salazar. |
| 260 |
_aMadrid : _bEdic. del Arbol, _c1936. |
||
| 300 |
_a226 p. ; _c21 cm. |
||
| 650 | 7 |
_aMúsica y sociedad _2embne _9169553 |
|
| 650 | 0 | 4 |
_aMúsica- _yS.XX. _915401 |
| 650 | 7 |
_aEstética musical _2embne _912548 |
|
| 852 |
_aES-MaACL _jA-5239 _bR.18440 |
||
| 999 |
_c137592 _d137592 |
||